00231nam a2200097Ia 4500008004100000100002300041245003600064260000900100942000700109999001700116190216s9999||||xx |||||||||||||| ||und|| aM T Vasudevan Nair 0aM T Yude Thiranjedutha Kathakal bNull cBK c24420d24420